Obecný úrad v Dolnej Seči je v nových priestoroch

Bibliographic Details
Format: Article
Language:Slovak
PhysicalDescription:Fotogr.
ISSN:1336-5746
Subjects:

MARC

LEADER 00000nab a2200000 a 4500
001 vtls009176916
003 SK-MaSNL
005 20260303052619.0
008 080123 2008 xo w 000 0 slo
038 |a LVTK 
040 |a LVTK  |b slo  |e ACCR2  |c LVTK 
041 |a slo 
044 |a xo  |c SK 
080 |a 352  |2 2001 
080 |a 908  |2 2001 
245 0 0 |a Obecný úrad v Dolnej Seči je v nových priestoroch  |c [autor] (JN) 
300 |b Fotogr. 
610 1 7 |a Dolná Seč (Slovensko).  |b Obecný úrad  |2 snkbucl  |9 216787 
650 0 7 |a obecné úrady  |2 snkph  |9 69526 
651 7 |a Dolná Seč (Slovensko)  |2 lvtk  |9 115201 
773 0 |t My = Nitrianske noviny  |g Roč. 17/5, č. 2 (2008), s. 9  |x 1336-5746 
852 |a LVTK  |b KIS3GCP 
999 |c 1716005  |d 1717935